| 000 | 00558nam a22001817a 4500 | ||
|---|---|---|---|
| 003 | NUST - PNEC | ||
| 005 | 20170116181044.0 | ||
| 008 | 150923b xxu||||| |||| 00| 0 eng d | ||
| 020 | _a9780070137899 | ||
| 040 | _cLIBRARY | ||
| 082 | _a658.3124 KEH | ||
| 100 |
_911648 _aKehoe, Daniel |
||
| 245 |
_a Developing your people : _b25 action-based articles showing you how to develop your people through coaching and mentoring _cDaniel Kehoe |
||
| 250 | _a1st ed. | ||
| 260 | _cc 2007 | ||
| 650 |
_911649 _aEmployees--Coaching of _xGeneral |
||
| 942 |
_2ddc _cBK |
||
| 999 |
_c68165 _d68165 |
||